Megacities By Picture #3 - Statistics

General Stats
  • This quiz has been taken 30 times
  • The average score is 7 of 12
Answer Stats
Picture Hint Answer % Correct
20,926,000 Cairo
96%
14,441,000 Istanbul
88%
10,000,000 Chicago
77%
24,973,000 Mumbai
73%
18,007,000 Bangkok
69%
16,710,000 Buenos Aires
62%
14,148,000 Tehran
58%
26,940,000 Guangzhou
50%
24,922,000 Manila
50%
21,747,000 Kolkata
46%
15,386,000 Bengaluru
38%
14,586,000 Johannesburg
38%
No matching quizzes found
Score Distribution
Percent of People with Each Score
Percentile by Number Answered
Your Score History
You have not taken this quiz